| 000 | 01645 a2200217 4500 | ||
|---|---|---|---|
| 001 | 28091 | ||
| 005 | 20260407155553.0 | ||
| 008 | 260407a1984 arg spa d | ||
| 003 | AR-UNSa-BCEJYS | ||
| 040 |
_aAR-UNSa-BCEJYS _bspa _cAR-UNSa-BCEJYS |
||
| 080 |
_a347.615 _xPensión alimenticia. Pensión (Alimentos) |
||
| 245 | 1 | 0 | _aAlimentos entre cónyuges |
| 020 | _a950-508-128-6 | ||
| 264 | 1 |
_aBuenos Aires : _bAstrea _c1984 |
|
| 300 |
_axxiii, 258 p. _c23 cm. |
||
| 505 | _a1. Generalidades - 2. Alimentos durante la convivencia conyugal - 3. Alimentos durante la separación de hecho - 4. Alimentos con motivo del divorcio iniciado o inminente - 5. Alimentos para el cónyuge inocente del divorcio - 6. Alimentos para el cónyuge culpable del divorcio - 7. Imputación de los alimentos pasados durante el juicio de divorcio - 8. Divorcio rechazado y divorcio perimido - 9. Alimentos dejados a salvo en el divorcio consensual - 10. Alimentos en el divorcio vincular (Ley 14.394) - 11. Los alimentos y la nulidad matrimonial - 12. Divorcio en el extranjero - 13. Alimentos provisorios del artículo 375 del Código Civil - 14. Alimentos atrasados. Cuotas suplementarias - 15. Recursos del alimentante y del alimentario - 16. Forma y monto de la cuota alimentaria - 17. Convenios sobre la cuota alimentaria - 18. Mutabilidad de la cuota alimentaria - 19. Cesación de los alimentos - 20. Cuestiones procesales - 21. Delito de incumplimiento a los deberes de asistencia familiar - 22. Alimentos contractuales | ||
| 942 | _cBK | ||
| 590 | _aniveau_biblio:m niveau_hierar:0 | ||
| 100 | 1 | _aEscribano, Carlos | |
| 700 | 1 | _aEscribano, Raúl Eduardo | |
| 999 |
_c1649 _d1649 |
||